000 01380nam a2200157Ia 4500
008 220216s9999 xx 000 0 und d
100 _aCrafts R C
245 0 _aInvestigations into the determination of hydroxylamine in viscosity-stabilised natural rubber
260 _bJournal of Natural Rubber Research
_c1996
300 _a8-Jan
520 _aThe current method for the determination of hydroxylamine in viscosity stabilised (CV) rubber relies on the use of 0.75 M sulphuric acid as the extractant. This work demonstrates that equally complete extraction can be accomplished using much milder extraction conditions. As ion chromatographic method for determining hydroxylamine has been developed and found to give results comparable to the established UV colorimetric method. The new chromotographic procedure has been used to clarify the concept of free hydroxylamine and to test whether the established colorimetric procedure was, indeed, determining free hydroxylamine. The opportunity has also been taken to establish whether the newer grades of CV rubber now being produced have free and measurable hydroxylamine levels comparable with those of the established gades. Preliminary attempts to extend the work to vulcanised compounds are also described.
650 _aHydroxylamine
650 _aViscosity-stabilised natural rubber
700 _aDavey J E
942 _cJS
999 _c61643
_d61643